| 000 | 00791nam a2200205 a 4500 | ||
|---|---|---|---|
| 003 | 0 | ||
| 005 | 20250311144652.0 | ||
| 008 | 090709s19uu xx 00 eng d | ||
| 050 |
_aPHS D 804.3 _b.D292 2009 |
||
| 100 | _aDecena, Kimberly. | ||
| 245 |
_aTo what extent was the final solution of the Nazis implemented in Auschwitz? / _cKimberly Decena. |
||
| 260 |
_aLas Piñas City, Philippines : _bSouthville International School and Colleges, _c2009. |
||
| 300 |
_a31 pages : _billustrations ; _c28 cm. |
||
| 500 | _aMost Outstanding Historical PASS Research | ||
| 504 | _aIncludes bibliographical references. | ||
| 650 |
_aHolocaust, Jewish (1939–1945) _zPoland _zAuschwitz. |
||
| 650 | _aFinal Solution (Nazi Germany). | ||
| 650 | _aAuschwitz (Concentration camp). | ||
| 942 |
_2lcc _cPASS |
||
| 999 |
_c98237 _d98237 |
||